| 000 | 00762nam a22002417a 4500 | ||
|---|---|---|---|
| 999 |
_c4526 _d4526 |
||
| 003 | AR-CdUCM | ||
| 008 | 190308b ||||| |||| 00| 0 spa d | ||
| 020 | _a84-8280-130-9 | ||
| 040 |
_aMUNICIPALIDAD PROVINCIAL DEL CUSCO _cBIBLIOTECA MUNICIPAL DEL CUSCO |
||
| 082 |
_a869.56 / _bL21 |
||
| 100 |
_aDe Lampedusa, Giuseppe Tomasi _914185 |
||
| 245 | _aEl Gatopardo / | ||
| 260 |
_aBogota : _bLa Oveja Negra, _c1958. |
||
| 300 |
_a254 paginas ; _c18cm. |
||
| 440 |
_aHistoria Universal de la Literatura _n30 _914186 |
||
| 500 | _aTraducción de: Il gattopardo. | ||
| 650 |
_aNovelas Italianas _99649 |
||
| 650 |
_aSiglo XX _98 |
||
| 650 |
_aNovelas Historicas Italianas _914187 |
||
| 700 |
_aGutierrez, Fernando _95887 |
||
| 942 |
_2ddc _cLIBROS |
||
| 945 | _apjha | ||